Medical negligence and consumer law / (Record no. 104964)

MARC details
000 -LEADER
fixed length control field 00666nam a22002057a 4500
005 - DATE AND TIME OF LATEST TRANSACTION
control field 20161205154900.0
010 ## - LCCN (DPL NO)
LC control number ENG-116739
020 ## - INTERNATIONAL STANDARD BOOK NUMBER
International Standard Book Number 9788184846096
Terms of availability 1880.00
035 ## - SYSTEM CONTROL NUMBER
System control number EN-100271
037 ## - SOURCE OF ACQUISITION
Source of stock number/acquisition DBAD/PUB
082 ## - DEWEY DECIMAL CLASSIFICATION NUMBER
Classification number 344.540411
100 ## - MAIN ENTRY--PERSONAL NAME
Personal name Pradeep Kumar
245 ## - TITLE STATEMENT
Title Medical negligence and consumer law /
Statement of responsibility, etc by Pradeep kumar ; foreword by Priti Saxena
260 ## - PUBLICATION, DISTRIBUTION, ETC. (IMPRINT)
Place of publication, distribution, etc New Delhi
Name of publisher, distributor, etc Regal Publications
Date of publication, distribution, etc 2017
270 ## - ADDRESS
Address F-159 Rajouri Garden
City New Delhi
Postal code 110027
300 ## - PHYSICAL DESCRIPTION
Extent viii,210p.:
Dimensions 23cm(Hb)
Other physical details ill
500 ## - GENERAL NOTE
General note Includes bibliographical references and index
700 ## - ADDED ENTRY--PERSONAL NAME
Personal name Saxena, Priti
942 ## - ADDED ENTRY ELEMENTS (KOHA)
Source of classification or shelving scheme Dewey Decimal Classification
Item type English Books
Classification part 344.540411
Call number suffix PRA
Holdings
Withdrawn status Lost status Not for loan Collection code Home library Current library Date acquired Source of acquisition Cost, normal purchase price Full call number Barcode Copy number Cost, replacement price Koha item type
      Non-fiction Central Jail Tihar Central Jail Tihar 30/11/2016 DBAD/PUB 1880.00 344.540411 PRA EN-100271 1 1880.00 English Books

© Delhi Public Library
Hit Counter
free hit counter